A nation without coins /

Bibliographic Details
Main Author: Robinson, Charles R.
Other Authors: Young, Charles B.
Format: Book
Language:English
Published: New York : Vantage Press, [1965]
Edition:[1st ed.].
Subjects:

MARC

Tag First Indicator Second Indicator Subfields
LEADER 00000cam a2200000 4500
001 in00000061101
005 20151008051624.0
008 761126s1965 nyua b 00000 eng
010 |a  65001576  
035 |a (OCoLC)02580975 
035 |9 AAG9025AM 
040 |a DLC  |c OHI  |d TXA  |d UtOrBLW 
049 |a TXAM  |c [413666] 
050 0 0 |a HG556  |b .R67 
082 0 |a 332.4973 
092 |a 332.4973  |b R658n 
100 1 |a Robinson, Charles R. 
245 1 2 |a A nation without coins /  |c by Charles R. Robinson and Charles B. Young. 
250 |a [1st ed.]. 
264 1 |a New York :  |b Vantage Press,  |c [1965] 
300 |a 139 pages :  |b illustrations ;  |c 21 cm. 
336 |a text  |b txt  |2 rdacontent 
337 |a unmediated  |b n  |2 rdamedia 
338 |a volume  |b nc  |2 rdacarrier 
504 |a Includes bibliographical references. 
650 0 |a Coinage  |z United States. 
650 0 |a Silver question. 
700 1 |a Young, Charles B. 
999 |a MARS 
999 f f |s bdee742c-acc2-33c9-a320-49cb2c3ea539  |i f07d58fe-97b8-3597-b8c9-386827388380  |t 0 
952 f f |p ric  |a Texas A&M University  |b Rellis Campus  |c Joint Library Facility  |d Remote Storage  |t 0  |e HG556 .R67  |h Library of Congress classification  |i unmediated -- volume  |m A14800735068 
998 f f |a HG556 .R67  |t 0  |l Remote Storage